Statistics for States with the Most % Californian Transplants

Click here to take the quiz!

General Stats

  • This quiz has been taken 30 times
  • The average score is 8 of 8

Answers on the Map

Answers color-coded by a green-red scale on the quiz's map according to % correct below.
 

Answer Stats

HintAnswer% Correct
9Arizona
100%
19Nevada
100%
14Oregon
100%
8Utah
96%
8Washington
96%
6Colorado
92%
12Idaho
92%
7Alaska
85%

Score Distribution

Percentile by Number Answered

Percent of People with Each Score

Your Score History

You have not taken this quiz